Corto Maltés 13 : (Record no. 28841)

MARC details
000 -LEADER
campo de control de longitud fija 00606nam a22002297a 4500
001 - NÚMERO DE CONTROL
campo de control 00028805
005 - FECHA Y HORA DE LA ÚLTIMA TRANSACCIÓN
campo de control 20260416170413.0
008 - DATOS DE LONGITUD FIJA--INFORMACIÓN GENERAL
campo de control de longitud fija 260416b ag ||||| |||| 00| 0 spa d
020 ## - NÚMERO INTERNACIONAL ESTÁNDAR DEL LIBRO
Número Internacional Estándar del Libro 9789870707844
040 ## - FUENTE DE CATALOGACIÓN
Centro catalogador/agencia de origen AR-CcCEOS
Lengua de catalogación Español; Castellano
Centro/agencia transcriptor AR-CcCEOS
041 ## - CÓDIGO DE IDIOMA
Código de lengua del texto/banda sonora o título independiente Español; Castellano
080 ## - NÚMERO DE LA CLASIFICACIÓN DECIMAL UNIVERSAL
Número de la Clasificación Decimal Universal 860-36(82)
090 ## - LOCALMENTE ASIGNADO TIPO-LC NÚMERO DE CLASIFICACIÓN (OCLC); NÚMERO DE CLASIFICACIÓN LOCAL (RLIN)
Número cutter local (OCLC) ; Número de libro/Signatura topográfica íntegra, CALL (RLIN) PRA
100 1# - ENTRADA PRINCIPAL--NOMBRE DE PERSONA
Nombre de persona Pratt, Hugo
9 (RLIN) 1073
245 ## - MENCIÓN DEL TÍTULO
Título Corto Maltés 13 :
Resto del título Tango /
Mención de responsabilidad, etc. Hugo Pratt
250 ## - MENCION DE EDICION
Mención de edición 1ª ed.
260 ## - PUBLICACIÓN, DISTRIBUCIÓN, ETC.
Lugar de publicación, distribución, etc. Buenos Aires :
Nombre del editor, distribuidor, etc. Arte Gráfico,
Fecha de publicación, distribución, etc. 2010.
300 ## - DESCRIPCIÓN FÍSICA
Extensión v. 13, 112 p. ;
Dimensiones 21x14 cm.
490 ## - MENCIÓN DE SERIE
Designación de volumen o secuencia Corto Maltés ; 13
655 #0 - TERMINO DE INDIZACIÓN--GENERO/FORMA
Datos o término principal de género/forma historieta
9 (RLIN) 207
942 ## - ELEMENTOS DE ENTRADA SECUNDARIOS (KOHA)
Fuente de la clasificación o esquema de estantería Clasificación decimal universal
Tipo de ítem Koha Libros
Suprimir en OPAC No
Holdings
Estatus retirado Estado de pérdida Fuente de la clasificación o esquema de estantería Estado de daño No para préstamo Biblioteca de origen Biblioteca actual Fecha de adquisición Fuente de adquisición Número de inventario Total de préstamos Signatura topográfica completa Información codificada de la localización en otra ubicación Colección Código de barras Visto por última vez Precio de reemplazo Tipo de ítem Koha
    Clasificación decimal universal     Biblioteca Julio Serebrinsky Biblioteca Julio Serebrinsky 16/04/2026 Donación 46451   860-36(82) PRA13 SER 46451 16/04/2026 16/04/2026 Libros